000 00528nam a2200205Ia 4500
003 OSt
005 20220823121806.0
008 210210b1989 xxu||||| |||| 00| 0 eng d
040 _cAL
041 _aEnglish
082 _a658.1511 PANE
100 _aPANDEY (I M).
_955208
245 _aElements of Management accounting
260 _aND
_bVikas publishing house pvt ltd
_c1989
300 _ax,461
650 _aManagement accounting
_955209
690 _aManagement Accounting
_955210
906 _a044607
942 _2ddc
_cBK
999 _c94346
_d94346